000 00893am a2200313a 44500
003 AR-BaBNM
005 20251128210713.0
008 091020s2000 #AR|||||||||||000 | esp||
020 _a987-9191-73-0
040 _cAR-BaBNM
245 1 0 _aJuega y aprende matemática
_bpropuestas para divertirse y trabajar en el aula
250 _a1ª ed.
260 _aBuenos Aires
_bEdiciones Novedades Educativas
_c2000
300 _a80 p.
_btablas, il.
490 0 _aRecursos didácticos
650 4 _aENSEÑANZA DE LAS MATEMATICAS
650 4 _aCONCEPTOS MATEMATICOS
650 4 _aACTIVIDADES DE APRENDIZAJE
650 4 _aJUEGOS EDUCATIVOS
650 4 _aARITMETICA
650 4 _aGEOMETRIA
653 _aEDUCACION GENERAL BASICA
700 1 _aFuenlabrada, Irma
700 1 _aBlock, David
700 0 _aBalbuena Hugo
700 1 _aCarvajal, Alicia
942 _cBK
998 _cRAQUEL
999 _c16519
_d16519